000 00446pab a2200181 454500
008 180718b2008 xxu||||| |||| 00| 0 eng d
100 _aSolo, N. Martina
245 _aA micro study of Assam Co-operative Apex Bank Ltd.
260 _c2008
300 _ap.67-78.
362 _aJan-Mar
650 _aBanks - India - Assam
650 _aBanks
700 _aPandey, Sanjay Kumar
773 _aIASSI Quarterly
908 _aN
909 _a83833
999 _c83833
_d83833